|
|
|
|
| LEADER |
01054nam a22003134a 4500 |
| 001 |
7629 |
| 003 |
BD-DhAAL |
| 005 |
20150623095741.0 |
| 008 |
150623s2002 iau b 000 0 eng |
| 010 |
|
|
|a 2001030615
|
| 020 |
|
|
|a 0072401915
|
| 020 |
|
|
|a 0071121412
|
| 040 |
|
|
|a DLC
|c DLC
|d DLC
|d BD-DhAAL
|
| 050 |
0 |
0 |
|a HM665
|b .M27 2002
|
| 082 |
0 |
0 |
|a 170
|2 21
|
| 100 |
1 |
|
|a Mappes, Thomas A.
|9 12363
|
| 245 |
1 |
0 |
|a Social ethics :
|b morality and social policy /
|c Thomas A. Mappes, Jane S. Zembaty.
|
| 250 |
|
|
|a 6th ed.
|
| 260 |
|
|
|a Dubuque, Iowa :
|b McGraw-Hill,
|c c2002.
|
| 300 |
|
|
|a xii, 533 p. ;
|c 23 cm.
|
| 504 |
|
|
|a Includes bibliographical references.
|
| 541 |
|
|
|e 7629
|
| 650 |
|
0 |
|a Social ethics.
|9 12364
|
| 651 |
|
0 |
|a United States
|x Social policy.
|9 12365
|
| 651 |
|
0 |
|a United States
|x Moral conditions.
|9 12366
|
| 700 |
1 |
|
|a Zembaty, Jane S.
|9 12367
|
| 942 |
|
|
|2 ddc
|c BK
|
| 999 |
|
|
|c 34810
|d 34810
|
| 952 |
|
|
|0 0
|1 0
|2 ddc
|4 0
|6 170_000000000000000
|7 0
|9 54465
|a SCL
|b SCL
|c GEN
|d 2015-06-23
|g 3283.00
|l 3
|o 170
|p 3020007629
|r 2024-01-28
|s 2024-01-21
|t 1
|w 2015-06-23
|y BK
|